Statistiques concernant Pays qui mangent le plus d'œufs

Cliquez ici pour prendre le quiz!

Statistiques générales

  • Ce quiz a été pris 157 fois
  • Le résultat moyen est 4 sur 10

Statistiques - réponses

Reponse% Correct
#3Chine
95%
#1Japon
93%
#10Russie
85%
#4Mexique
61%
#5Ukraine
31%
#6Malaisie
28%
#9Biélorussie
20%
#8Slovaquie
10%
#7Brunei
3%
#2Paraguay
3%

Distribution des résultats

Percentile par nombre de réponses

% des personnes avec chaque résultat

Votre développement - résultats

Vous n’avez pas pris ce quiz